| 000 | 00604nam a2200157 a 4500 | ||
|---|---|---|---|
| 001 | 000030228 | ||
| 005 | 20200930060142.0 | ||
| 008 | 110505s1982 dr 000 0 spa d | ||
| 040 |
_aDO-SdBNP _bspa _cBNPHU |
||
| 082 |
_axxx _bC818d |
||
| 100 | 1 |
_aCornielle, Carlos _910204 |
|
| 245 | 1 | 0 |
_aDiscurso de clausura del Dotor Carlos Cornielle, en la presentación de su libro ¨proceso histórico Dominico-Haitiano, una advertencia a la juventud dominicana¨, pronunciado en la Biblioteca Nacional / _cCarlos Cornielle. |
| 260 |
_aSanto Domingo : _b[s.n.], _c1982. |
||
| 300 |
_a8 p. ; _c21 cm. |
||
| 049 | _aBNPD | ||
| 999 |
_c29720 _d29720 |
||